Aktualizácia rozšírenia jednoúčelových hesiel pre internetový prehliadač

Gespeichert in:
Bibliographische Detailangaben
1. Verfasser: Nguyen The, Bao Dat (Verfasst von)
Weitere Verfasser: Jókay, Matúš (Betreuung Doktorarbeit)
Format: Manuskript Buch
Sprache:Slowakisch
Veröffentlicht: Bratislava : STU v Bratislave FEI, 2021
Schlagworte:
Online-Zugang:https://opac.crzp.sk/?fn=detailBiblioForm&sid=CF9E62B1F4156FE3B6230F84D7C8&seo=CRZP-detail-kniha
Tags: Tag hinzufügen
Keine Tags, Fügen Sie das erste Tag hinzu!

MARC

LEADER 00000ntm a22000003a 4500
001 stuzp78857
003 SK-STU
005 20220202114637.5
007 ta
008 150427s2015----xo-----f-mn---000-0-slo-d
040 |a STU  |b slo 
041 0 |a slo 
044 |a xo 
100 1 |a Nguyen The, Bao Dat  |u 035000  |4 aut  |U FEI Fakulta elektrotechniky a informatiky  |T FEI Ústav informatiky a matematiky  |X 79682  |U E050  |Y 816  |7 79682 
242 0 1 |a Internet browser PasswordGen extension update  |y eng 
245 1 0 |a Aktualizácia rozšírenia jednoúčelových hesiel pre internetový prehliadač 
260 |a Bratislava :  |b STU v Bratislave FEI,  |c 2021 
300 |a 37 s. 
650 4 |a generátor  |2 slo 
650 4 |a Mozilla Firefox  |2 slo 
650 4 |a rozšírenie  |2 slo 
650 4 |a internetový prehliadač  |2 slo 
650 4 |a heslá  |2 slo 
650 4 |a add-on  |2 eng 
650 4 |a extension  |2 eng 
650 4 |a deterministic password generator  |2 eng 
650 4 |a domain  |2 eng 
650 4 |a browser  |2 eng 
650 4 |a Mozilla Firefox  |2 eng 
700 1 |a Jókay, Matúš  |u 035000  |k Z1  |4 ths  |U FEI Fakulta elektrotechniky a informatiky  |T FEI Ústav informatiky a matematiky  |X 10139  |U E050  |Y 816  |7 A000010139 
856 4 |u https://opac.crzp.sk/?fn=detailBiblioForm&sid=CF9E62B1F4156FE3B6230F84D7C8&seo=CRZP-detail-kniha